Music Quiz

Random Music or Song Quiz

Can you guess the Old school Rapper/Group by song? Quiz Stats

 Plays Quiz not verified by Sporcle

Score 0/20 Timer 10:00
0 Plays Today
Song Rapper/Group % Correct
Ambitionz az a Ridah2Pac
100%
Gin and JuiceSnoop Dogg
100%
Shook OnesMobb Deep
100%
I Cant Live Without My RadioLL Cool J
100%
Deeez NuuutsDr. Dre
85.7%
Gangsta GangstaN.W.A.
85.7%
Jackin for BeatsIce Cube
85.7%
Where the Hood atDMX
85.7%
One MicNas
85.7%
Everyday StruggleBiggie
71.4%
Song Rapper/Group % Correct
TriumphWu Tang Clan
71.4%
Check the RhimeTribe Called Quest
71.4%
Mass ApealGang star
57.1%
Rebel Without a PausePublic Enemy
57.1%
Back Down50 Cent
57.1%
Dirt Off Your ShoulderJay Z
57.1%
C U When You Get ThereCoolio
57.1%
No ApologiesEminem
42.9%
I Seen a Man DieScarface
42.9%
Murder RapAbove the Law
28.6%

You're not logged in!

Compare scores with friends on all Sporcle quizzes.
OR
Log In

Show Comments

Extras

Created Aug 14, 2019ReportNominate
Tags:Song Quiz, group, old, rapper, school

Top Quizzes Today


Score Distribution

Your Account Isn't Verified!

In order to create a playlist on Sporcle, you need to verify the email address you used during registration. Go to your Sporcle Settings to finish the process.

Report this User

Report this user for behavior that violates our Community Guidelines.

Details: